00426nam a22001577a 450000500170000001000140001702000260003103500130005703700130007008200100008310000240009324500480011726000520016527000230021730000280024020100811135746.0 aENG-99701 a9789350010983c150.00 aEN-83233 bDBAD/PUB a620.5 aIgnatius, I. Cicili aABC for nanotechnologycby I.Cicil Ignatius aPerambalurbMercury Printers & Publishersc2008 bPerambalure621212 a142p.bill.c20cm (pbk)